000 01890cam a2200265 4500500
005 20260426004807.0
041 _afre
042 _adc
100 1 0 _aFerron, Christine
_eauthor
245 0 0 _aVaccination contre la grippe : fallait-il faire usage de la peur ?
260 _c2010.
500 _a6
520 _aRésuméLa légitimité et la pertinence de l’utilisation de la peur en prévention ne font pas débat dans notre pays. Or, il semble que le récent échec de la vaccination contre la grippe A (H1N1), qui fait suite à des discours politico-médiatiques essentiellement axés sur la peur de la maladie et de ses conséquences, doive interpeller les décideurs quant au choix de ce ressort de communication. D’autres méthodes, fondées sur les résultats d’une « épidémiologie émotionnelle » de l’épidémie et basées sur des approches de santé communautaire, auraient ainsi pu être utilement appliquées.
520 _aThe rightfulness and relevance of the use of fear appeals in prevention are not debated in France. However, it seems that the recent failure of the H1N1 influenza vaccination, following many political and journalistic speeches mainly focused on the fear of the illness and its consequences, should challenge policy-makers about the choice of this communication means. Other methods, founded on the results of an “emotional epidemiology” of the epidemic and based on community health approaches, could have been usefully applied.
690 _acommunication
690 _aGrippe
690 _apeur
690 _avaccination
690 _acommunication
690 _afear appeals
690 _aInfluenza
690 _avaccination
786 0 _nSanté Publique | 22 | 2 | 2010-05-17 | p. 249-252 | 0995-3914
856 4 1 _uhttps://stm.cairn.info/revue-sante-publique-2010-2-page-249?lang=fr&redirect-ssocas=7080
999 _c2221834
_d2221834